Osobný automobil v cvičnej firme

Možnosti spájania teoretických vedomostí s reálnou praxou. Význam odborného vzdelávania a jeho smerovanie. Možnosti školy spájať teóriu s praxou. Činnosť cvičnej firmy na vybranom špecifickom prípade osobného automobilu, jeho obstaranie, zaradenie a používanie vo firme. Využitie medzipredmetových vz...

Description complète

Enregistré dans:
Détails bibliographiques
Auteur principal: Sabaková, Danka
Format: Chapitre de livre
Langue:slovaque
Sujets:
Tags: Ajouter un tag
Pas de tags, Soyez le premier à ajouter un tag!

MARC

LEADER 00000nla$a2200000$$$4500
001 0074100
005 20231215103722.7
041 0 |a slo 
044 |a SK 
245 1 0 |a Osobný automobil v cvičnej firme  |c Danka Sabaková 
520 |a Možnosti spájania teoretických vedomostí s reálnou praxou. Význam odborného vzdelávania a jeho smerovanie. Možnosti školy spájať teóriu s praxou. Činnosť cvičnej firmy na vybranom špecifickom prípade osobného automobilu, jeho obstaranie, zaradenie a používanie vo firme. Využitie medzipredmetových vzťahov, učebných materiálov školy a odborných publikácií Poradcu podnikateľa pre učiteľa na vyučovaní cvičnej firmy. 
610 2 0 |a vzdelávanie 
610 2 0 |a vyučovanie 
610 2 0 |a firmy 
610 2 0 |a automobily 
610 2 0 |a obstarávanie 
610 2 0 |a doklady účtovné 
100 1 |a Sabaková, Danka